000 00779nam a2200253 a 4500
001 BRCA_3939
005 20190320204502.0
008 120110s1921----mx-a######---#000-0#spa-#
041 _aspa
044 _amx
050 4 _aF1346
_b.V35 1921
100 1 _aValenzuela, Clodoveo.
_910250
245 1 0 _aSonora y Carranza
_cClodoveo Valenzuela, Amado Chaverri Matamoros.
260 _aMéxico
_bRenacimiento
_c1921
300 _ax, 522 p.
_bil.
_c1921
500 _aIncluye índice de ilustraciones: p. vii-x.
500 _aC90
600 1 4 _aCarranza, Venustiano
_d1859-1920.
_910132
651 4 _aSonora
_vHistoria
_910251
651 4 _aMéxico
_vHistoria
_xRevolución
_y1910-1917.
_910045
700 1 _aChaverri Matamoros, Amado
_ecoaut.
_910252
902 _aGFM
942 _2lcc
_cB
999 _c3666
_d3666